| 000 | 01316cam a2200277 a 4500 | ||
|---|---|---|---|
| 001 | 000013255 | ||
| 003 | DO-SdBNP | ||
| 005 | 20251118123601.0 | ||
| 008 | 000118s1999 ck a b 100 0 spa d | ||
| 020 | _a9586831027 | ||
| 040 |
_aDO-SdBNP _bspa _cLC _dBNPHU |
||
| 049 | _aBNGR | ||
| 082 | 4 |
_a334.2 _bC778f |
|
| 245 | 0 | 4 |
_aLas cooperativas financieras y el desarrollo regional : _bIII seminario internacional, Colombia 1998 / _ccompiladores, editores, Marietta Bucheli G., Ricardo Dávila L. de G. |
| 260 |
_aSanta Fe de Bogotá, Colombia : _bInstituto de Estudios Rurales, Maestría en Desarrollo Rural, Facultad de Estudios Ambientales y Rurales, Pontificia Universidad Javeriana, _c1999. |
||
| 300 |
_a168 p. : _bil. ; _c24 cm. |
||
| 500 | _a "Serie-IER-20 anõs, Instituto de Estudios Rurales"--Cover. | ||
| 500 | _aIncluye referencias bibliográficas. | ||
| 650 | 0 |
_aBancos cooperativos _zColombia _vCongresos, conferencias, etc. _930704 |
|
| 650 | 0 |
_aDesarrollo rural _zColombia _vCongresos, conferencias, etc. _922047 |
|
| 700 | 1 |
_aBucheli G., Marietta, _ecomp. _eed. _q(Bucheli Gomez). _930451 |
|
| 700 | 1 |
_aDávila L. de G., Ricardo, _ecomp. _eed. _930452 |
|
| 710 | 1 |
_aPontificia Universidad Javeriana. _bInstituto de Estudios Rurales. _930453 |
|
| 910 | _aCatalogación por copia / LC | ||
| 942 |
_2ddc _cLBS1 |
||
| 999 |
_c12886 _d12886 |
||